00386nam a22001217a 4500082002800000100002400028245006600052260004400118300002000162526003700182526003700219650000800256 a624.04bCHAcL-40, P-66 aChakroborty, Partha aPrincipals of transportation engineeringcChakroborty, Partha aNew DelhibPrentice Hall of Indiac2003 axvi, P-520bill a0b0c0d624_040000000000000_CHA a0b0c0d624_040000000000000_CHA aMCE